|
|
|
|
| LEADER |
01970nam a2200553 i 4500 |
| 001 |
nkc20223464988 |
| 003 |
CZ PrNK |
| 005 |
20221130113935.0 |
| 007 |
ta |
| 008 |
221019s2022 xr abc e 000 0 cze |
| 015 |
|
|
|a cnb003464988
|
| 020 |
|
|
|a 978-80-264-4444-2
|q (vázáno) :
|c Kč 790,00
|
| 035 |
|
|
|a (OCoLC)1354195476
|
| 040 |
|
|
|a BOA001
|b cze
|d ABA001
|e rda
|
| 043 |
|
|
|a f------
|
| 045 |
|
|
|a y2y2
|
| 072 |
|
7 |
|a 913(6)
|x Geografie Afriky, reálie, cestování
|2 Konspekt
|9 7
|
| 080 |
|
|
|a 913:910.4
|2 MRF
|
| 080 |
|
|
|a 913(6)
|2 MRF
|
| 080 |
|
|
|a (6)
|2 MRF
|
| 080 |
|
|
|a (0:82-992)
|2 MRF
|
| 080 |
|
|
|a (084.12)
|2 MRF
|
| 100 |
1 |
|
|a Vaňourek, Tomáš,
|d 1986-
|7 ola20191030896
|4 aut
|4 pht
|
| 245 |
1 |
0 |
|a Expedice Z101 :
|b cestou Hanzelky a Zikmunda : africká etapa.
|n Část 1,
|p Z Tuniska do ostrovních rájů /
|c Tomáš Vaňourek
|
| 246 |
3 |
0 |
|a Cestou Hanzelky a Zikmunda
|
| 246 |
3 |
0 |
|a Z Tuniska do ostrovních rájů
|
| 250 |
|
|
|a 1. vydání
|
| 264 |
|
1 |
|a V Brně :
|b CPress,
|c 2022
|
| 300 |
|
|
|a 359 stran :
|b barevné ilustrace, 1 mapa, portréty ;
|c 31 cm
|
| 336 |
|
|
|a text
|b txt
|2 rdacontent
|
| 336 |
|
|
|a statický obraz
|b sti
|2 rdacontent
|
| 337 |
|
|
|a bez média
|b n
|2 rdamedia
|
| 338 |
|
|
|a svazek
|b nc
|2 rdacarrier
|
| 648 |
|
7 |
|a 2021-2030
|7 ch1094457
|2 czenas
|
| 648 |
|
4 |
|a 2021-2022
|
| 650 |
0 |
7 |
|a cesty a pobyt
|7 ph137578
|z Afrika
|y 2021-2030
|2 czenas
|
| 650 |
0 |
9 |
|a travels and stays
|z Africa
|y 2021-2030
|2 eczenas
|
| 651 |
|
7 |
|a Afrika
|7 ge137148
|x reálie
|2 czenas
|
| 651 |
|
9 |
|a Africa
|x description and travel
|2 eczenas
|
| 655 |
|
7 |
|a cestopisy
|7 fd131956
|2 czenas
|
| 655 |
|
7 |
|a fotografické publikace
|7 fd132276
|2 czenas
|
| 655 |
|
9 |
|a books of travels
|2 eczenas
|
| 655 |
|
9 |
|a photographical works
|2 eczenas
|
| 910 |
2 |
|
|a BOA001
|b 4-1496.662,1
|
| 928 |
9 |
|
|a Albatros Media - CPress
|
| 990 |
|
|
|a BK
|
| 995 |
|
|
|a 01
|
| 991 |
|
|
|b 202211
|c NOV
|
| 996 |
6 |
|
|b 2610920557
|c 4-1496.662,1
|l MZK
|r Sklad / do 1 hodiny
|n 0
|p p.v.
|w 001904569
|u 000010
|a 1
|e BOA001
|j MZK50
|s P
|